KPOP Girl Group by title #1 - Statistics

General Stats
  • This quiz has been taken 217 times
  • The average score is 12 of 15
Answer Stats
Hint Answer % Correct
Black Mamba aespa
98%
DALLA DALLA ITZY
98%
WHISTLE BLACKPINK
97%
Fearless LE SSERAFIM
96%
FANCY TWICE
95%
After LIKE IVE
94%
Hype Boy NewJeans
94%
DICE NMIXX
94%
Psycho Red Velvet
91%
La Vie en Rose IZ*ONE
87%
Giddy Kep1er
70%
Sweet Juice PURPLE KISS
52%
EUNOIA Billlie
44%
Rising tripleS
43%
Villain PIXY
23%
No matching quizzes found
Score Distribution
Percent of People with Each Score
Percentile by Number Answered
Your Score History
You have not taken this quiz